Sources: Notable Selections in American Government Second Edition /

Сохранить в:
Библиографические подробности
Главный автор: Gerber, Mitchel
Формат:
Язык:English
Опубликовано: McGraw Hill Companies Inc, 1999.
Предметы:
Метки: Добавить метку
Нет меток, Требуется 1-ая метка записи!
Thư viện lưu trữ: Mạng thư viện Đại học Đà Nẵng
LEADER 00950cam a22002771a 4500
001 000033388
003 9548
005 20240820165209.0
008 151016s1999 000 eng
020 |a 0073031852 
041 |a eng 
082 |a 813  |b GE-M 
100 |a Gerber, Mitchel 
245 0 |a Sources: Notable Selections in American Government Second Edition /  |c Mitchel Gerber. 
260 |a McGraw Hill Companies Inc,  |c 1999. 
300 |a 339p. : ;  |c 24cm. 
653 |a Sources  |a American Government 
OWN |a LNN 
AVA |a UDN50  |b LNN  |c English  |d 420.30 GE-M  |e available  |t Error 5001 Not defined in file expand_doc_bib_avail.  |f 2  |g 0  |h N  |i 0  |j AN  |k 1 
999 |a From the UDN01 
AVA |a UDN50  |b LNN  |c English  |d 420.30 GE-M  |e available  |t Error 5001 Not defined in file expand_doc_bib_avail.  |f 2  |g 0  |h N  |i 0  |j AN  |k 1 
TYP |a Monograph 
980 |a Mạng thư viện Đại học Đà Nẵng